000 00472nam a2200181 a 4500
001 2565
003 CO-ViMGA
008 141112s2004 ck r 000 u spa d
040 _aCO-ViMGA
_bspa
_cCO-ViMGA
082 0 4 _a709 F535
100 1 _aFleming, William
_951540
245 1 0 _aArte música e ideas
260 _aMexico :
_bMcGraw Hill,
_c1989
300 _a381 p : il
650 1 4 _aHISTORIA DE LA MUSICA
_951541
650 1 4 _aHISTORIA DEL ARTE
_951542
942 _2ddc
_cBK
999 _c14642
_d14642